Совершенствование технологии сооружения горных выработок: межвузовский сборник научных трудов

Dades bibliogràfiques
Autor corporatiu: Кузбасский политехнический институт
Idioma:rus
Publicat: Кемерово, [Б. и.], 1986
Matèries:
Format: MixedMaterials Llibre
KOHA link:https://koha.lib.tpu.ru/cgi-bin/koha/opac-detail.pl?biblionumber=266418

MARC

LEADER 00000nam0a2200000 4500
001 266418
005 20231101234011.0
035 |a (RuTPU)RU\TPU\book\289438 
090 |a 266418 
100 |a 20140708d1986 k y0rusy50 ca 
101 0 |a rus 
102 |a RU 
105 |a a z 001zy 
200 1 |a Совершенствование технологии сооружения горных выработок  |e межвузовский сборник научных трудов  |f Кузбасский политехнический институт 
210 |a Кемерово  |c [Б. и.]  |d 1986 
215 |a 135 с.  |c ил. 
320 |a Библиография в конце статей 
606 1 |a Горные выработки  |x Строительство  |2 stltpush  |3 (RuTPU)RU\TPU\subj\7750  |9 35304 
610 1 |a горные породы 
610 1 |a механика 
610 1 |a крепление 
610 1 |a бурение 
610 1 |a проходческие работы 
675 |a 622.26  |v 3 
712 0 2 |a Кузбасский политехнический институт  |c (Кемерово)  |2 stltpush  |3 (RuTPU)RU\TPU\col\4382 
801 1 |a RU  |b 63413507  |c 20140708 
801 2 |a RU  |b 63413507  |c 20181024  |g RCR 
942 |c BK